[Event "Magdeburg op-B"]
[Site "Magdeburg"]
[Date "2014.06.14"]
[Round "9"]
[White "Jaeger, Gustav"]
[Black "Kornitzky, Tino"]
[Result "0-1"]
[WhiteElo "1152"]
[BlackElo "1386"]
[PlyCount "46"]
[EventDate "2014.06.08"]
[EventType "swiss"]
[EventRounds "9"]
[EventCountry "GER"]
[SourceTitle "CBM 160 Extra"]
[Source "ChessBase"]
[SourceDate "2014.07.01"]
[SourceVersion "1"]
[SourceVersionDate "2014.07.01"]
[SourceQuality "1"]

1. e4 e6 2. d4 d5 3. exd5 exd5 4. Nc3 Nf6 5. Bg5 Bf5 6. Bxf6 gxf6 7. Qf3 Be6 8. Bd3 Nc6 9. Nge2 Bd6 10. Nxd5 Bxd5 11. Qxd5 Bb4+ 12. Nc3 Bxc3+ 13. bxc3 Qxd5 14. 0-0 0-0-0 15. Rfe1 Rhg8 16. Be4 Qg5 17. Rab1 Rde8 18. Bf3 Qf5 19. Rec1 Qxf3 20. g3 Re2 21. Rf1 h5 22. h4 Rxg3+ 23. Kh2 Qg2# 0-1

[Event "Magdeburg op-B"]
[Site "Magdeburg"]
[Date "2014.06.10"]
[Round "5"]
[White "Jaeger, Gustav"]
[Black "Franz, Theodor Franz"]
[Result "0-1"]
[WhiteElo "1152"]
[BlackElo "1048"]
[PlyCount "62"]
[EventDate "2014.06.08"]
[EventType "swiss"]
[EventRounds "9"]
[EventCountry "GER"]
[SourceTitle "CBM 160 Extra"]
[Source "ChessBase"]
[SourceDate "2014.07.01"]
[SourceVersion "1"]
[SourceVersionDate "2014.07.01"]
[SourceQuality "1"]

1. e4 e5 2. Nf3 Nc6 3. Bc4 Nf6 4. d3 Be7 5. Nc3 0-0 6. Be3 d6 7. h3 Be6 8. Bb3 h6 9. Qd2 Na5 10. 0-0 c6 11. Bxe6 fxe6 12. b4 d5 13. bxa5 d4 14. Nxe5 dxe3 15. fxe3 Qxa5 16. Ng6 Bb4 17. Rab1 Bxc3 18. Qe2 Rfe8 19. Rxb7 Qa6 20. Rfb1 Kh7 21. Nf4 Ba5 22. e5 Bb6 23. Rf7 Kg8 24. Rxg7+ Kxg7 25. exf6+ Kxf6 26. Nh5+ Ke7 27. Rb2 Rab8 28. Kh1 Bc7 29. Rxb8 Rxb8 30. Qf3 Rb1+ 31. Qf1 Rxf1# 0-1

[Event "GER-chT U10"]
[Site "Magdeburg"]
[Date "2012.12.29"]
[Round "7.1"]
[White "Jaeger, Gustav"]
[Black "Langenhan, Moritz Benedikt"]
[Result "0-1"]
[WhiteElo "1065"]
[BlackElo "1003"]
[PlyCount "86"]
[EventDate "2012.12.27"]
[EventType "team-swiss"]
[EventRounds "7"]
[EventCountry "GER"]
[SourceTitle "EXT 2014"]
[Source "ChessBase"]
[SourceDate "2013.11.20"]
[SourceVersion "1"]
[SourceVersionDate "2013.11.20"]
[SourceQuality "1"]
[WhiteTeam "Magdeburg USC"]
[BlackTeam "Stadtilm Blau Weiss"]
[WhiteTeamCountry "GER"]
[BlackTeamCountry "GER"]

1. e4 e5 2. Nf3 Nc6 3. Bc4 Bc5 4. 0-0 Nf6 5. d3 h6 6. Be3 Bb6 7. Bxb6 axb6 8. Nc3 d6 9. h3 Be6 10. Bxe6 fxe6 11. d4 0-0 12. Ne2 Nxe4 13. Ng3 Ng5 14. Re1 Nxf3+ 15. gxf3 Nxd4 16. Re3 Qg5 17. Kh2 Rf7 18. c3 Nf5 19. Qg1 Nxe3 20. fxe3 Raf8 21. Rf1 Rxf3 22. e4 Rxf1 23. Nxf1 Qxg1+ 24. Kxg1 Rf4 25. Ng3 g5 26. Kg2 d5 27. Nh5 Rh4 28. Kg3 Rxh5 29. exd5 Rh4 30. dxe6 Kf8 31. b4 Ke7 32. a4 Kxe6 33. a5 bxa5 34. bxa5 Rf4 35. Kg2 e4 36. Kg3 Ke5 37. Kg2 e3 38. Kh2 Re4 39. Kg1 e2 40. Kg2 e1Q 41. Kh2 Re3 42. Kg2 Qg3+ 43. Kf1 Re1# 0-1